|
|
|
|
| LEADER |
00000nam0a2200000 4500 |
| 001 |
373251 |
| 005 |
20231102012540.0 |
| 035 |
|
|
|a (RuTPU)RU\TPU\retro\30679
|
| 035 |
|
|
|a RU\TPU\book\283521
|
| 090 |
|
|
|a 373251
|
| 100 |
|
|
|a 20221215d1987 k y0rusy50 ca
|
| 101 |
0 |
|
|a rus
|
| 102 |
|
|
|a KZ
|
| 105 |
|
|
|a a z 001zy
|
| 200 |
1 |
|
|a Сверхпластичность некоторых титановых сплавов
|f Академия наук Казахской ССР (АН КазССР), Институт органического катализа и электрохимии (ИОКЭ) ; под ред. И. Г. Гринмана
|
| 210 |
|
|
|a Алма-Ата
|c Наука
|d 1987
|
| 215 |
|
|
|a 212 с.
|c ил.
|
| 320 |
|
|
|a Библиогр.: с. 197-211
|
| 606 |
1 |
|
|a Титановые сплавы
|x Сверхпластичность
|2 stltpush
|3 (RuTPU)RU\TPU\subj\60733
|9 77965
|
| 610 |
1 |
|
|a современное состояние
|
| 610 |
1 |
|
|a развитие
|
| 610 |
1 |
|
|a технологические свойства
|
| 610 |
1 |
|
|a кривые течения
|
| 675 |
|
|
|a 669.295.5
|v 3
|
| 702 |
|
1 |
|a Гринман
|b И. Г.
|4 340
|
| 712 |
0 |
2 |
|a Академия наук Казахской ССР (АН КазССР)
|b Институт органического катализа и электрохимии (ИОКЭ)
|c (Алма-Ата)
|2 stltpush
|3 (RuTPU)RU\TPU\col\15443
|
| 801 |
|
1 |
|a RU
|b 63413507
|c 20140516
|
| 801 |
|
2 |
|a RU
|b 63413507
|c 20221215
|g RCR
|
| 942 |
|
|
|c BK
|